01275 a2200157 4500003000500000005001700005020001500022040000900037082001400046100002100060245007900081260003100160300001500191505087700206650003401083Nust20221024142651.0 a8121908175 cNust a621.3,AVA aAvadhanulu, M.N. aA textbook of engineering physics / cM. N. Avadhanulu and P.G. Kshirsagar aNew DelhibS. Chandcc1992 axiv, 758p. aElectric and Magnetic Fields (Page-1), Mazwell's Equations (Page-28), Elctron Emission (Page-36), Electron Ballistics Electric and Magnetic Fields (Page-1), Mazwell's Equations (Page-28), Elctron Emission (Page-43), Electron Optics(Page-70), Properties of Light (Page-105), Interference and Diffraction (Page-142), Polarization (Page-181),Special Theory of Relativity (Page-224),Elements of Thermodynamics (Page-252), Architectural Acoustics (Page-277), Ultrasonics (Page-295), Atomicphysics (Page-305), Lasers (Page-395), Atomicnucleus and Nuclearenergy (Page-422),Structure of Solids (Page-468), The Bad Theory of Solids (Page-506), Semiconductors (Page-527), PN- Junction Diode (Page-564),Bipolar junction Transistor (Page-589), Magnetic Materials (Page-608),Super Conductivity (Page-644), Dielectrics (Page-665),Fiber Optics (Page-698), Digital Electronics (Page-726). aTelecommunication Engineering